00446 2200169 4500001002100000005001700021035002400038040001200062090001800074100002300092245005800115250001000173260002700183300003300210850001200243990002100255YOGYA00000000008636820141022095342.0 0010-081400000086085 aYOPDYOG aDEP 904 Pau W aPaulus Nugrahajati aBuku Pintar Petualangan Alam LiarcPaulus Nugrahajati aEd. 1 aYogyakartabAndic2013 avii, 198 hlm.cilus.c18 cm. aYOPDYOG aCB-D.11-2013-351